Achieving Success in IAS Interview: (Record no. 190687)

MARC details
000 -LEADER
fixed length control field 00544nam a22001817a 4500
005 - DATE AND TIME OF LATEST TRANSACTION
control field 20220802163541.0
010 ## - LCCN (DPL NO)
LC control number ENG-134177
020 ## - INTERNATIONAL STANDARD BOOK NUMBER
International Standard Book Number 9788184464126
Terms of availability 100.00
035 ## - SYSTEM CONTROL NUMBER
System control number EN-117709
037 ## - SOURCE OF ACQUISITION
Source of stock number/acquisition DBAD/PUB
082 ## - DEWEY DECIMAL CLASSIFICATION NUMBER
Classification number 650.144
100 ## - MAIN ENTRY--PERSONAL NAME
Personal name Kanagaraj, P.
245 ## - TITLE STATEMENT
Title Achieving Success in IAS Interview:
Remainder of title A Primer For Aspirants/
Statement of responsibility, etc P. Kanagaraj
260 ## - PUBLICATION, DISTRIBUTION, ETC. (IMPRINT)
Place of publication, distribution, etc Coimbatore
Name of publisher, distributor, etc Vijaya Pathippagam
Date of publication, distribution, etc 2011
270 ## - ADDRESS
Address 20, Raja Street
City Coimbatore
Postal code 641001
300 ## - PHYSICAL DESCRIPTION
Extent 184p.
Dimensions 21cm(pbk)
942 ## - ADDED ENTRY ELEMENTS (KOHA)
Source of classification or shelving scheme Dewey Decimal Classification
Item type English Books
Classification part 650.144
Call number suffix KAN
Holdings
Withdrawn status Lost status Not for loan Collection code Home library Current library Date acquired Source of acquisition Cost, normal purchase price Full call number Barcode Copy number Cost, replacement price Koha item type
      Non-fiction Bawana Bawana 02/08/2022 DBAD/PUB 100.00 650.144 KAN EN-117709 1 100.00 English Books

© Delhi Public Library
Hit Counter
free hit counter